00872cam a2200241 a 450000100100000000500170001000800410002704000300006808200190009810000360011724501590015326000400031230000210035249000290037350400420040265000180044465000220046265000230048465000240050770000390053170000310057083000290060100000668220200929153956.0850806s1984 cu b 000 f spa d aDO-SdBNPbspacDLCdBNPHU aCu863.2bV727j1 aVillaverde, Cirilo,d1812-1894.13aLa joven de la flecha de oro y otros relatos /cCirilo Villaverde ; selección, prólogo y notas de Imeldo Álvarez ; edición de Ana María Muñoz. aLa Habana :bLetras Cubanas,c1984. a751 p. ;c24 cm.1 aLetras cubanas siglo XIX aIncluye referencias bibliográficas. 4aNovela cubana 4aLiteratura cubana 4aMatrimonioxNovela 4aInfidelidadxNovela1 aÁlvarez, Imeldo,epról.d1928-1 aMuñoz, Ana María,eed. 0aLetras cubanas siglo XIX